| 000 | 00411nam a22001577a 4500 | ||
|---|---|---|---|
| 003 | NUST - PNEC | ||
| 005 | 20170116181142.0 | ||
| 008 | 151008b xxu||||| |||| 00| 0 eng d | ||
| 040 | _cLIBRARY | ||
| 082 | _a629.836 COS | ||
| 100 |
_914761 _aCosgriff, Robert Lien |
||
| 245 |
_aNonlinear control systems _cRobert Lien Cosgriff |
||
| 260 | _c1958 | ||
| 650 |
_97706 _aAutomatic control _xME |
||
| 942 |
_2ddc _cBK |
||
| 999 |
_c70544 _d70544 |
||